Honeyball and Bowers' textbook on employment law / (Record no. 472)

000 -LEADER
fixed length control field 00569nam a22001937a 4500
003 - CONTROL NUMBER IDENTIFIER
control field OSt
005 - DATE AND TIME OF LATEST TRANSACTION
control field 20140116120829.0
008 - FIXED-LENGTH DATA ELEMENTS--GENERAL INFORMATION
fixed length control field 111021t xxu||||| |||| 00| 0 eng d
040 ## - CATALOGING SOURCE
Transcribing agency OC
050 ## - LIBRARY OF CONGRESS CALL NUMBER
Classification number KD3009.H66 2010
100 ## - MAIN ENTRY--PERSONAL NAME
Personal name Honeyball, Simon
245 ## - TITLE STATEMENT
Title Honeyball and Bowers' textbook on employment law /
Statement of responsibility, etc Simon Honeyball .
246 ## - VARYING FORM OF TITLE
Title proper/short title Textbook on employment law
250 ## - EDITION STATEMENT
Edition statement 11th ed.
260 ## - PUBLICATION, DISTRIBUTION, ETC. (IMPRINT)
Place of publication, distribution, etc Oxford :
Name of publisher, distributor, etc Oxford Unversity Press ,
Date of publication, distribution, etc 2010 .
300 l# - PHYSICAL DESCRIPTION
Extent lxiv, 479 p.
650 ## - SUBJECT ADDED ENTRY--TOPICAL TERM
Topical term or geographic name as entry element Labor laws and legislation-- Great Britain.
942 ## - ADDED ENTRY ELEMENTS (KOHA)
Source of classification or shelving scheme
Koha item type Book
Holdings
Withdrawn status Lost status Source of classification or shelving scheme Damaged status Not for loan Home library Current library Shelving location Date acquired Source of acquisition Total Checkouts Full call number Barcode Date last seen Date checked out Copy number Price effective from Koha item type Total Renewals
          Riara University Library Riara University Library Short Loan 19/03/2012 Purchase 25 KD3009.H66 2010 289/11 31/07/2024 13/06/2024 C.1 19/03/2012 Book on Shortloan  
          Riara University Library Riara University Library   19/03/2012 Purchase 43 KD3009.H66 2010 548/11 13/02/2020 03/02/2020 C.2 19/03/2012 Book 4
          Riara University Library Riara University Library   19/03/2012 Purchase 33 KD3009.H66 2010 547/11 14/01/2021 27/11/2019 C.3 19/03/2012 Book 5

Riara University Library,
P.O. Box 49940-00100,
Nairobi, Kenya.